"Italy" in All Featured Languages - Statistics

General Stats
  • This quiz has been taken 44 times
  • The average score is 7 of 9
Answer Stats
Language Name % Correct
English Italy
100%
Spanish Italia
92%
Italian Italia
92%
Portuguese Italia
92%
French Italie
81%
German Italien
73%
Dutch Italië
68%
Finnish Italia
62%
Polish Włochy
49%
No matching quizzes found
Score Distribution
Percent of People with Each Score
Percentile by Number Answered
Your Score History
You have not taken this quiz